Polskie miasta, przez które przechodzi południk 23 - Statystyki

Ogólne statystyki
  • Ten quiz został rozwiązany 14 razy
  • Średni wynik to 1 z 5
Statystyki odpowiedzi
Województwo Szerokość geograficzna Miasto % Poprawnych
Podlaskie 53°50'42.0"N Augustów
75%
Podlaskie 53°08'45.9"N Choroszcz
25%
Lubelskie 50°36'35.2"N Zwierzyniec
25%
Podlaskie 52°57'17.4"N Suraż
8%
Lubelskie 50°42'23.4"N Szczebrzeszyn
8%
Nie znaleziono quizów pasujących do podanych kryteriów
Rozkład punktacji
Procent ludzi z każdym wynikiem
Percentyl według liczby udzielonych odpowiedzi
Twoja historia wyników
Nie rozwiązałeś tego quizu